Văn phạm Anh văn thực hành = Practial English grammar
में बचाया:
| मुख्य लेखक: | |
|---|---|
| स्वरूप: | पुस्तक |
| भाषा: | Undetermined |
| प्रकाशित: |
Đồng Nai
Nxb. Đồng Nai
1997
|
| विषय: | |
| टैग : |
टैग जोड़ें
कोई टैग नहीं, इस रिकॉर्ड को टैग करने वाले पहले व्यक्ति बनें!
|
| Thư viện lưu trữ: | Trung tâm Học liệu Trường Đại học Cần Thơ |
|---|
| LEADER | 00531nam a2200181Ia 4500 | ||
|---|---|---|---|
| 001 | CTU_21978 | ||
| 008 | 210402s9999 xx 000 0 und d | ||
| 082 | |a 425 | ||
| 082 | |b Ph506 | ||
| 100 | |a Nguyễn Sanh Phúc | ||
| 245 | 0 | |a Văn phạm Anh văn thực hành | |
| 245 | 0 | |b = Practial English grammar | |
| 245 | 0 | |c Nguyễn Sanh Phúc | |
| 260 | |a Đồng Nai | ||
| 260 | |b Nxb. Đồng Nai | ||
| 260 | |c 1997 | ||
| 650 | |a english language - grammar | ||
| 980 | |a Trung tâm Học liệu Trường Đại học Cần Thơ | ||